000
00266nam a22001217a 4500
008
190305b xxu||||| |||| 00| 0 eng d
041
_a
eng
080
_2
2nd
_a
573
100
_a
11
101
_a
BIO
245
_a
The Microbial World
_c
Stanier, R.Y
942
_2
udc
_c
BK
999
_c
54518
_d
54518